| 000 | 00738nam a22002297a 4500 | ||
|---|---|---|---|
| 001 | 29918 | ||
| 003 | UA-OsUOA | ||
| 005 | 20220624203027.0 | ||
| 007 | ta | ||
| 008 | 20041101b un ||||| |||| 00| 0 ukr d | ||
| 040 |
_aUA-OsUOA _brus _cUA-OsUOA _dUA-OsUOA |
||
| 041 | _arus | ||
| 044 | _aRU | ||
| 080 | _a8.09(470+571) | ||
| 090 |
_a8.09(470+571) _bР89 |
||
| 245 |
_aРусская литература ХIХ века _bхрестоматия литературоведческих материалов : кига для учителей _cсост. В .Н. Азбукин. В. Н. Коновалов |
||
| 260 |
_aМосква _bПросвещение _c1984 |
||
| 300 | _a399 с. | ||
| 650 | 7 | _2UDC | |
| 942 |
_cBK _2udc |
||
| 955 | _a0 | ||
| 999 |
_c316318 _d316318 |
||